Defensa católica del primer tomo del curso de derecho eclesiástico, del sr. Vidaurre, contra las censuras del presbítero D. José Mateo Aguilar y del P.F. Vicente Seminario

Gorde:
Xehetasun bibliografikoak
Egile nagusia: Marca Martillos (autor)
Formatua: Liburua
Hizkuntza:gaztelania
Argitaratua: Lima Imprenta de Eusebio Aranda 1840
Edizioa:1a. ed
Gaiak:
Etiketak: Etiketa erantsi
Etiketarik gabe, Izan zaitez lehena erregistro honi etiketa jartzen!

MARC

LEADER 00000nam a2200000 a 4500
001 UCJ6826
003 CL-VaPUC
008 070124e18400000PE |||||||||||||||||spa|d
082 0 4 |a 262  |b MAR  |2 21 
100 |a Marca Martillos  |e autor  |9 514215 
245 1 0 |a Defensa católica del primer tomo del curso de derecho eclesiástico, del sr. Vidaurre, contra las censuras del presbítero D. José Mateo Aguilar y del P.F. Vicente Seminario 
250 |a 1a. ed 
300 |a 109 p 
942 |c BK 
945 |d 20070124 00:00:00  |a rinostro 
260 |a Lima  |b Imprenta de Eusebio Aranda  |c 1840 
500 |a Marca Martillos es el pseudónimo. Empastado junto a otros escritos en un volumen rotulado VIDAURRE.- SEMINARIO.- MARCA MARTILLOS.- Ubicado en 262 VID 
600 0 7 |a AGUILAR, JOSE MATEO  |2 CL-VaPUC  |9 511856 
600 0 7 |a VIDAURRE, M.L.  |2 CL-VaPUC  |9 514216 
650 7 |a DERECHO CANONICO  |2 CL-VaPUC  |9 514217 
650 0 |a Sagradas escrituras  |9 349657 
650 7 |a CENSURA ECLESIASTICA  |2 CL-VaPUC  |9 513923 
583 |a last modification  |c 20070124 00:00:00  |k Rodrigo Vera 
999 |c 322928  |d 322926 
952 |0 0  |1 0  |4 0  |6 262_000000000000000_MAR_1840  |7 0  |8 X  |9 402093  |a FDOBUD  |b FDOBUD  |d 2019-11-22  |i 1053558  |o 262 MAR 1840  |p 1053558  |r 2019-11-22  |w 2019-11-22  |y BK_X  |k BUD